000 00701nam a2200277Ia 4500
005 20260121125442.0
008 008 260114s9999 xx 000 0 eng d
020 _a9781501708480
037 _aEBOOK
040 _aCRL
040 _beng
040 _cCRL
041 _2eng
041 _aeng
084 _qCRL
100 _aSigurdsson, Jon Vidar
_9993179
245 0 _aViking Friendship: The Social Bond in Iceland and Norway, c. 900-1300
260 _bWalter de Gruyter
260 _bWalter de Gruyter
260 _c2017
650 _aHistory
_9993180
856 _uhttp://www.degruyter.com/isbn/9781501708480
942 _cEBOOK
999 _c1562123
_d1562123